Graceling realm characters - Statistics

General Stats
  • This quiz has been taken 71 times
  • The average score is 9 of 14
Answer Stats
Book(s) appeared in Character % Correct
Graceling, Bitterblue Bitterblue
96%
Fire, Bitterblue Fire
92%
Graceling, Bitterblue Po
92%
Graceling, Bitterblue Katsa
88%
Graceling, Fire Leck
72%
Fire Brigan
68%
Fire Nash
68%
Fire Archer
60%
Bitterblue Saf
60%
Graceling, Bitterblue Giddon
56%
Graceling, Bitterblue Bann
48%
Bitterblue Teddy
48%
Fire (mentioned) Cansrel
44%
Fire Hanna
36%
No matching quizzes found
Score Distribution
Percent of People with Each Score
Percentile by Number Answered
Your Score History
You have not taken this quiz